<?xml version="1.0" encoding="UTF-8"?><?xml-stylesheet type="text/xsl" href="static/style.xsl"?><OAI-PMH xmlns="http://www.openarchives.org/OAI/2.0/" xmlns:xsi="http://www.w3.org/2001/XMLSchema-instance" xsi:schemaLocation="http://www.openarchives.org/OAI/2.0/ http://www.openarchives.org/OAI/2.0/OAI-PMH.xsd"><responseDate>2026-06-03T01:43:13Z</responseDate><request verb="GetRecord" identifier="oai:riubu.ubu.es:10259/11769" metadataPrefix="marc">https://riubu.ubu.es/oai/request</request><GetRecord><record><header><identifier>oai:riubu.ubu.es:10259/11769</identifier><datestamp>2026-06-02T00:05:41Z</datestamp><setSpec>com_10259_3725</setSpec><setSpec>com_10259_5086</setSpec><setSpec>com_10259_2604</setSpec><setSpec>col_10259_3726</setSpec></header><metadata><record xmlns="http://www.loc.gov/MARC21/slim" xmlns:doc="http://www.lyncode.com/xoai" xmlns:xsi="http://www.w3.org/2001/XMLSchema-instance" xmlns:dcterms="http://purl.org/dc/terms/" xsi:schemaLocation="http://www.loc.gov/MARC21/slim http://www.loc.gov/standards/marcxml/schema/MARC21slim.xsd">
<leader>00925njm 22002777a 4500</leader>
<datafield tag="042" ind1=" " ind2=" ">
<subfield code="a">dc</subfield>
</datafield>
<datafield tag="720" ind1=" " ind2=" ">
<subfield code="a">González Santos, Josefa</subfield>
<subfield code="e">author</subfield>
</datafield>
<datafield tag="720" ind1=" " ind2=" ">
<subfield code="a">González Bernal, Jerónimo</subfield>
<subfield code="e">author</subfield>
</datafield>
<datafield tag="720" ind1=" " ind2=" ">
<subfield code="a">Fuente Anuncibay, Raquel de la</subfield>
<subfield code="e">author</subfield>
</datafield>
<datafield tag="720" ind1=" " ind2=" ">
<subfield code="a">Aguilar-Parra, José M.</subfield>
<subfield code="e">author</subfield>
</datafield>
<datafield tag="720" ind1=" " ind2=" ">
<subfield code="a">Trigueros Ramos, Rubén</subfield>
<subfield code="e">author</subfield>
</datafield>
<datafield tag="720" ind1=" " ind2=" ">
<subfield code="a">Soto Cámara, Raúl</subfield>
<subfield code="e">author</subfield>
</datafield>
<datafield tag="720" ind1=" " ind2=" ">
<subfield code="a">López Liria, Remedios</subfield>
<subfield code="e">author</subfield>
</datafield>
<datafield tag="260" ind1=" " ind2=" ">
<subfield code="c">2020-03</subfield>
</datafield>
<datafield tag="520" ind1=" " ind2=" ">
<subfield code="a">Plagiocephaly, the most common form of cranial deformity, has become more prevalent&#xd;
in recent years. Many authors have described a number of sequelae of poorly defined etiologies,&#xd;
although several gaps exist in their real scope. This study aimed to analyze the effects of physiotherapy&#xd;
treatments and cranial orthoses on the psychomotor development of infants with cranial deformities,&#xd;
complemented by protocolized postural exercises applied by the family. This prospective study on&#xd;
different developmental areas included a sample of 48 breastfeeding infants aged 6 to 18 months who&#xd;
presented with plagiocephaly (flat head syndrome). The Brunet–Lézine scale was used to perform&#xd;
three tests for assessing the psychomotor development of infants, thus offering a measure for global&#xd;
development. The results suggest that plagiocephaly is a marker for the risk of delayed development,&#xd;
particularly in motor and language areas. This delayed development could be improved with&#xd;
physiotherapy and orthopedic treatment, complemented by interventions by the infants´ relatives.</subfield>
</datafield>
<datafield tag="024" ind2=" " ind1="8">
<subfield code="a">https://hdl.handle.net/10259/11769</subfield>
</datafield>
<datafield tag="024" ind2=" " ind1="8">
<subfield code="a">10.3390/su12051949</subfield>
</datafield>
<datafield tag="024" ind2=" " ind1="8">
<subfield code="a">2071-1050</subfield>
</datafield>
<datafield ind1=" " ind2=" " tag="653">
<subfield code="a">Plagiocephaly</subfield>
</datafield>
<datafield ind1=" " ind2=" " tag="653">
<subfield code="a">Child development</subfield>
</datafield>
<datafield ind1=" " ind2=" " tag="653">
<subfield code="a">Early intervention</subfield>
</datafield>
<datafield ind1=" " ind2=" " tag="653">
<subfield code="a">Speech development</subfield>
</datafield>
<datafield ind1=" " ind2=" " tag="653">
<subfield code="a">Motor skills disorders</subfield>
</datafield>
<datafield tag="245" ind1="0" ind2="0">
<subfield code="a">A Prospective Study of Cranial Deformity and Delayed Development in Children</subfield>
</datafield>
</record></metadata></record></GetRecord></OAI-PMH>